Normal view
MARC view
- Speeches- Fatima Jinnah
Entry Topical Term
001 - CONTROL NUMBER
- control field: 5162
003 - CONTROL NUMBER IDENTIFIER
- control field: NUST
005 - DATE AND TIME OF LATEST TRANSACTION
- control field: 20171003110529.0
008 - FIXED-LENGTH DATA ELEMENTS
- fixed length control field: 171003|| aca||aabn | a|a d
040 ## - CATALOGING SOURCE
- Original cataloging agency: NUST
- Transcribing agency: NUST
150 ## - HEADING--TOPICAL TERM
- Topical term or geographic name entry element: Speeches- Fatima Jinnah
670 ## - SOURCE DATA FOUND
- Source citation: Work cat.: (NUST): Ishaaton mein hain mehfoz sari taqrireen /, 2006
